Вып. 6; Ч. 2. 1988; Вредные вещества в окружающей среде

Sonraí bibleagrafaíochta
Parent link:Вредные вещества в окружающей среде: указатель отечественной и иностранной литературы/ Библиотека Академии Наук СССР; под ред. В. А. Филова. Вып. 6; Ч. 2. 1988.— , 1990-
Teanga:Rúisis
Foilsithe / Cruthaithe: 1990
Ábhair:
Formáid: LEABHAR
KOHA link:https://koha.lib.tpu.ru/cgi-bin/koha/opac-detail.pl?biblionumber=87128

MARC

LEADER 00000nam2a2200000 4500
001 87128
005 20231031102036.0
020 |a RU 
035 |a (RuTPU)RU\TPU\book\93548 
090 |a 87128 
100 |a 20051205g1990 k y0rusy5003 ca 
101 0 |a rus 
102 |a RU 
105 |a y c 001zy 
200 0 |a Вып. 6; Ч. 2. 1988 
210 |d 1990 
215 |a 626 с. 
320 |a Библиогр.: с. 610-626 
320 |a Указатели: с. 501-609 
461 1 |0 (RuTPU)RU\TPU\book\95718  |t Вредные вещества в окружающей среде  |o указатель отечественной и иностранной литературы  |f Библиотека Академии Наук СССР; под ред. В. А. Филова  |v Вып. 6; Ч. 2. 1988  |d 1990- 
610 1 |a окружающая среда 
610 1 |a вредные вещества 
610 1 |a указатели 
675 |a 504.05  |v 3 
801 0 |a RU  |b RuMRKP  |c 19960705  |g psbo 
801 1 |a RU  |b 63413507  |c 20051205  |g PSBO 
801 2 |a RU  |b 63413507  |c 20100513  |g PSBO 
942 |c BK